Can you memorize BFDI 1a? - Statistics

General Stats
  • This quiz has been taken 64 times
  • The average score is 72 of 90
Answer Stats
Answer % Correct
A
100%
Bug
100%
I
100%
I
100%
I
100%
I
100%
I
100%
Really
100%
Really
100%
Really
100%
She
100%
She
100%
She
100%
She
100%
So
100%
So
100%
So
100%
So
100%
Was
100%
Was
100%
Yeah
100%
Yeah
100%
Flower
98%
Flower
98%
Flower
98%
Know
98%
We
98%
Of
96%
Went
96%
But
93%
Crazy
93%
It
93%
Surprised
93%
Oh
91%
Oh
91%
Oh
91%
Afraid
89%
Bugs
89%
For
89%
Is
89%
Little
89%
Sure
89%
Big
87%
Just
87%
Me
87%
OMG
87%
Wasnt
87%
Mean
85%
Very
85%
Be
80%
Like
78%
The
78%
Beautiful
76%
Asked
74%
Fabulous
74%
On
74%
That
74%
Thinks
74%
Thinks
74%
Time
74%
She’s
72%
Icy
70%
If
70%
Remember
70%
Her
67%
Her
67%
Well
67%
Revenge
65%
Am
63%
Get
63%
Bubble
61%
Bubble
61%
Gonna
61%
Are
59%
You
59%
Can
57%
Im
57%
Right
57%
Not
54%
Too
54%
Believe
52%
Servants
52%
Likes
50%
Will
50%
Friends
46%
Glad
46%
How
46%
My
46%
Though
46%
Guys
43%
No matching quizzes found
Score Distribution
Percent of People with Each Score
Percentile by Number Answered
Your Score History
You have not taken this quiz